Scientific laws, principles, and theories : a reference guide /

Bibliographic Details
Main Author: Krebs, Robert E., 1922-2009
Format: Book
Language:English
Published: Westport, Conn. : Greenwood Press, 2001.
Subjects:

MARC

Tag First Indicator Second Indicator Subfields
LEADER 00000cam a22000004a 4500
001 in00001575430
005 20211106063410.0
008 000203s2001 ctua bf 001 0 eng
010 |a  00023297  
015 |a GBA1-43411 
020 |a 0313309574 (alk. paper) 
029 1 |a UKM  |b bA143411 
035 |a (OCoLC)ocm43466139 
040 |a DLC  |c DLC  |d UKM  |d UtOrBLW 
042 |a pcc 
049 |a TXAM 
050 0 0 |a Q158.5  |b .K74 2001 
082 0 0 |a 509  |2 21 
100 1 |a Krebs, Robert E.,  |d 1922-2009. 
245 1 0 |a Scientific laws, principles, and theories :  |b a reference guide /  |c Robert E. Krebs ; illustrations by Rae Déjur. 
264 1 |a Westport, Conn. :  |b Greenwood Press,  |c 2001. 
300 |a 402 pages :  |b illustrations ;  |c 24 cm. 
336 |a text  |b txt  |2 rdacontent 
337 |a unmediated  |b n  |2 rdamedia 
338 |a volume  |b nc  |2 rdacarrier 
504 |a Includes bibliographical references (pages [371]-375) and index. 
650 0 |a Science. 
650 0 |a Science  |x History. 
945 |a PromptCat 
946 |a qatar,ref 
947 |a Q14800001053 
948 |a cataloged  |b h  |c 2000/12/12  |d c  |e blrosas  |f 8:35:07 am 
994 |a 92  |b TXA 
999 |a MARS 
999 f f |s a38eab3e-3ed0-3f92-a042-d75a8123cd65  |i 68190b18-1dc7-37b9-9f45-b52c39c0db02  |t 0 
952 f f |p 4_hour  |a Texas A&M University  |b College Station  |c Sterling C. Evans Library  |d Evans: Reference (1st floor)  |t 0  |e Q158.5 .K74 2001  |h Library of Congress classification  |i unmediated -- volume  |m A14827007266 
998 f f |a Q158.5 .K74 2001  |t 0  |l Evans: Reference (1st floor)